00627cam a22002171 4500001001300000003000400013005001700017008004100034010001700075035002000092040004100112042001200153050002400165100002900189245002900218260003300247300001900280504006000299650003500359999001500394af 48003501 DLC20260227110902.0880929s1945 be b 000 1 dut c aaf 48003501  a(OCoLC)18546506 aCalifornia. Univ. Libr.cCUdCUdDLC apremarc00aPT5834.F32bN3 19451 aFabricius, Johan,d1899-10aNacht over Java;broman. aBrussel,bA. Manteauc[1945] a147 p.c21 cm. a"List van Javaansche en Maleische woorden": p. 142-147. 0aWorld War, 1939-1945vFiction. c5620d5620